000
00237 a2200109 4500
001
68563
040
_c
Anchieta - Itaigara
240
1
0
_a
Um senhor amigo
_l
245
1
0
_a
Um senhor amigo
650
4
_a
Literatura infanto-juvenil
942
_c
MU
999
_c
68563
_d
68563